Greece : a travel survival kit.

Bibliographic Details
Main Author: Hall, Rosemary
Format: Book
Published: Hawthorn: Lonely Planet, 1994.
Series:Lonely Planet travel survival kit
Subjects:
LEADER 00543cam a2200193 7i4500
001 0000004310
005 19991025090000.0
002 ##000005785
020 0 0 |a 0-86442-193-1  
090 0 0 |a GREC 910.202   |b HAL 
100 1 0 |a Hall, Rosemary  
245 1 0 |a Greece :   |b a travel survival kit. 
260 0 0 |a Hawthorn:   |b Lonely Planet,   |c 1994. 
300 0 0 |a 675 p.. 
440 0 0 |a Lonely Planet travel survival kit 
500 0 0 |a Includes maps 
650 0 0 |a Greece --   |x Guidebooks  
651 0 0 |a Greece  
999 |a 0000006236  |b Book  |c Open shelf  |e Business Information Centre